Tous les logos de marques d'énergies - Statistiques

Statistiques générales
  • Ce quiz a été pris 20 fois
  • Le résultat moyen est 6 sur 48
Statistiques - réponses
Par images Réponse % Correct
Shell
100%
TotalEnergies
74%
BP
68%
Gazprom
63%
Engie
53%
EDF
47%
Eni
37%
Chevron
21%
Lukoil
21%
Saudi Aramco
16%
CNOOC
11%
CNPC
11%
ExxonMobil
11%
Iberdrola
11%
PEMEX
11%
Petrobras
11%
Petronas
11%
Repsol
11%
Sinopec
11%
E.ON
5%
Galp Energy
5%
Marathon Petroleum
5%
Technip Energies
5%
Vattenfall
5%
Canadian Solar
0%
Duke energy
0%
Enel
0%
ENOC
0%
Enphase Energy
0%
Equinor
0%
First Solar
0%
Fortum
0%
Hydro-Québec
0%
Nextera Energy
0%
NIOC
0%
Orano
0%
PDVSA
0%
Petrofac
0%
Phillips 66
0%
Puma Energy
0%
Rosatom
0%
Rosneft
0%
Saipem
0%
Southern Compagny
0%
Tatneft
0%
Tepco
0%
Valero Energy
0%
Westinghouse Electric Company
0%
Aucun quiz correspondant
Distribution des résultats
% des personnes avec chaque résultat
Percentile par nombre de réponses
Votre historique - résultats
Vous n’avez pas pris ce quiz